Los aztecas : entre el dios de la lluvia y el de la guerra /

שמור ב:
מידע ביבליוגרפי
מחבר ראשי: Rojas, José Luis de (autor)
פורמט: ספר
שפה:ספרדית
סדרה:(Biblioteca Iberoamericana)
נושאים:
תגים: הוספת תג
אין תגיות, היה/י הראשונ/ה לתייג את הרשומה!

MARC

LEADER 00000nam^a2200000^a^4500
001 000032622
005 20250521000000.0
009 20260310085127.593
020 |a 968-456-136-9 
037 |a Acervo ITESO - Biblioteca 
041 |a ESP 
082 |a 972. 01  |b ROJ 
100 |a Rojas, José Luis de  |e (autor) 
245 1 4 |a Los aztecas :  |b entre el dios de la lluvia y el de la guerra /  |c J.L. Rojas. 
264 |a México :  |b REI,  |c 1989 
300 |a 126 p. 
336 |a texto  |b txt  |2 rdacontenido 
337 |a sin mediación  |b n  |2 rdamedio 
338 |a volumen  |b nc  |2 rdasoporte 
440 1 |a (Biblioteca Iberoamericana) 
649 |a XX 
650 |a Aztecas -  |x Historia -  |x Tema Principal 
650 |a Nahuas -  |x Historia 
650 |a Indígenas de México -  |x Historia 
650 |a Cosmovisión -  |z México -  |x Historia 
650 |a Organización Social -  |x Historia 
650 |a México -  |x Historia -  |y Epoca Prehispánica 
910 |a Fondo General 
920 |a Impresos - Libros 
930 |a Colección General 
905 |a 101 
901 |a 0326220100  |b IT1  |c ACC  |i 032622  |u 20250521 
901 |a 0356850100  |b IT1  |c ACC  |u 20250521 
902 |a https://opac.biblio.iteso.mx/vufind/Record/000032622